000 00960nmm a2200265 a 4500
001 ocm000656127
003 TR-IsHL
005 20201028135956.0
008 131212s2010 tu tur
007 cr cn
020 _a9789944606684
035 _a656127
_b(N$T)
050 0 4 _aHD2346.T9
_bÖ93 2010
090 0 4 _aHD2346.T9
_bÖ93 2010
100 1 _aÖzarslan, Serap Alp
245 1 0 _aTürk yan sanayi borsası üye profili araştırması: Turkish subconracting exchange members' profile survey
_h[electronic resource] /
_cSerap Alp Özarslan
260 _aİstanbul :
_bİstanbul Ticaret Odası,
_c2010
300 _a90 p.
650 4 _aEkonomi ve Finans
650 4 _aEconomics and Finance
650 0 _aKüçük işletmeler
_x Türkiye
650 0 _aSmall business
_x Turkey
650 7 _aBUSINESS & ECONOMICS / Small Business
_2bisacsh
856 4 0 _uhttp://search.ebscohost.com/login.aspx?direct=true&scope=site&db=e011xww&AN=656127
999 _c7034
_d7034